| 000 | 00565nam a2200169Ia 4500 | ||
|---|---|---|---|
| 008 | 220204s9999 xx 000 0 und d | ||
| 082 |
_a581.5 _bECO |
||
| 100 | _aALEKSANDROV, Vladimir Lakovlevich | ||
| 245 | 0 | _aCells molecules and temperature: Conformational flexibility of macromolecules and ecological adaptation | |
| 260 |
_aNew York _bSpringer Verlag _c1977 |
||
| 490 | _aEcological studies 21 | ||
| 505 | _aTr from the Russian by V A Bernstam | ||
| 650 | _aEcology | ||
| 650 | _aProtein thermostability | ||
| 650 | _aThermoresistance cells | ||
| 942 | _cBK | ||
| 999 |
_c26546 _d26546 |
||